| 000 | 00834 am a2200253 a 4500 | ||
|---|---|---|---|
| 005 | 20240627102739.0 | ||
| 008 | 100928s1995||||ag a f |||| 001 0 spa d | ||
| 020 | _a9509331031 | ||
| 041 | _aspa | ||
| 092 |
_c174.2 _l51 _sMAI |
||
| 100 | 1 |
_aMainetti, José A. _91526 |
|
| 245 |
_aAntropobioética / _cJosé A. Mainetti. |
||
| 250 | _a1a ed. | ||
| 260 |
_aLa Plata [Buenos Aires ; Argentina]: _bQuirón; _c1995. |
||
| 300 | _a137 p. | ||
| 500 | _aMainetti, J. A. (1995). Antropobioética. (1a ed.). La Plata [Buenos Aires] : Quirón. | ||
| 653 | _aCuestión nominal de la bioética | ||
| 653 | _aReforma y contrarreforma moral de la medicina | ||
| 653 | _aFenomenología de la intercorporalidad | ||
| 653 | _aMedicina y humanitud: sufrir, envejecer , morir | ||
| 653 | _aAntropoética | ||
| 930 | _a187 | ||
| 942 |
_2ddc _cBK |
||
| 999 |
_c770 _d770 |
||